The naked Gospel : (Record no. 53489)
[ view plain ]
| 000 -LEADER | |
|---|---|
| fixed length control field | 01114cam a2200277 a 4500 |
| 001 - CONTROL NUMBER | |
| control field | 15564330 |
| 005 - DATE AND TIME OF LATEST TRANSACTION | |
| control field | 20250305193443.0 |
| 008 - FIXED-LENGTH DATA ELEMENTS--GENERAL INFORMATION | |
| fixed length control field | 081222s2009 miu b 000 0 eng |
| 010 ## - LIBRARY OF CONGRESS CONTROL NUMBER | |
| LC control number | 2008054098 |
| 020 ## - INTERNATIONAL STANDARD BOOK NUMBER | |
| International Standard Book Number | 9780310293064 |
| 020 ## - INTERNATIONAL STANDARD BOOK NUMBER | |
| International Standard Book Number | 9780310563280 |
| 040 ## - CATALOGING SOURCE | |
| Original cataloging agency | DLC |
| Transcribing agency | DLC |
| Modifying agency | DLC |
| 100 1# - MAIN ENTRY--PERSONAL NAME | |
| Personal name | Farley, Andrew, |
| Dates associated with a name | 1972- |
| Relator term | author. |
| 245 14 - TITLE STATEMENT | |
| Title | The naked Gospel : |
| Remainder of title | the truth you may never hear in church / |
| Statement of responsibility, etc | Andrew Farley. |
| 260 ## - PUBLICATION, DISTRIBUTION, ETC. (IMPRINT) | |
| Place of publication, distribution, etc | Grand Rapids, Mich. : |
| Name of publisher, distributor, etc | Zondervan, |
| Date of publication, distribution, etc | c2009. |
| 300 ## - PHYSICAL DESCRIPTION | |
| Extent | 237 p. ; |
| Dimensions | 22 cm. |
| 336 ## - CONTENT TYPE | |
| Content Type Term | text |
| 337 ## - MEDIA TYPE | |
| Media Type Term | unmediated |
| 338 ## - CARRIER TYPE | |
| Carrier Type Term | volume |
| 504 ## - BIBLIOGRAPHY, ETC. NOTE | |
| Bibliography, etc | Includes bibliographical references. |
| 505 0# - FORMATTED CONTENTS NOTE | |
| Formatted contents note | Rock bottom -- The old and the new -- Jesus -- Identity -- Forgiveness -- Life -- Conclusions -- Study questions. |
| 650 #0 - SUBJECT ADDED ENTRY--TOPICAL TERM | |
| Topical term or geographic name as entry element | Christian life. |
| 650 #0 - SUBJECT ADDED ENTRY--TOPICAL TERM | |
| Topical term or geographic name as entry element | Theology, Doctrinal |
| Form subdivision | Popular works. |
| 942 ## - ADDED ENTRY ELEMENTS (KOHA) | |
| Source of classification or shelving scheme | Library of Congress Classification |
| Item type | Books |
| Withdrawn status | Lost status | Source of classification or shelving scheme | Damaged status | Not for loan | Home library | Current library | Shelving location | Date acquired | Inventory number | Total Checkouts | Full call number | Barcode | Date last seen | Price effective from | Koha item type |
|---|---|---|---|---|---|---|---|---|---|---|---|---|---|---|---|
| Library of Congress Classification | BSOP Library | BSOP Library | GC | 03/05/2025 | 49788 | BV4501.3 F22 2009 | 00058914 | 03/05/2025 | 03/05/2025 | Books |
